02319 2200349 4500001002100000005001500021035002000036007000300056008004100059020001800100020001800118082001000136084001600146245012500162250002400287300002500311700003100336502131600367264004501683336002101728337003001749338002301779100003301802650002201835990001601857990001601873990001601889990001601905990001601921990001601937990001601953INLIS00000000000018520260427093545 a0010-0426000184ta260427 e 0 ind  a9786020674674 a9786020674681 a158.1 a158.1 AND s1 aSeorang pria yang melalui duka dengan mencuci piring /cdr. Andreas kurniawan, Sp.KJ ; penyunting naskah, Nadira Yasmine aCetakan kedua belas a208 halaman ;c20 cm0 aNadira YasmineePenyunting aKetika menyambut pasien yang sedang berduka, seorang psikiater akan menggali keilmuan yang dimiliki. Dia akan mengulik semua teori duka yang pernah dipelajari di masa kuliah dulu dan mengingat pengalaman dari pasien-pasien sebelumnya. Kemudian, dia menyintesis itu untuk membantu pasien yang sedang berduka di hadapannya. Tapi, ketika Andreas—seorang psikiater—kehilangan anaknya, dia melakukan hal yang berbeda. Dia melemparkan semua teori tersebut ke luar jendela dan memutuskan untuk mencari makna tentang mengapa ini semua terjadi. Dalam pengalamannya, dia menemukan bahwa duka bisa dilalui dengan mencuci piring kotor yang menumpuk di dapur. Buku ini adalah proses Andreas memaknai kehilangan besar dalam hidupnya. Diceritakan santai dengan tambahan sedikit bumbu humor gelap, buku ini memuat panduan bermanfaat yang langsung bisa diaplikasikan dalam hidup, seperti: “Tutorial Mencuci Piring”, “Tutorial Menyusun Puzzle”, dan tentunya “Tutorial Menerima Kematian Seorang Anak”. “Hampir semua orang mempertanyakan: apa hubungannya antara duka dan mencuci piring? Jawaban saya adalah duka itu seperti mencuci piring, tidak ada orang yang mau melakukannya, tapi pada akhirnya seseorang perlu melakukannya.” Ringkas deskripsi Informasi Buku Bahasa : Indonesia Tanggal Rilis aJakarta :bGramedia pustaka utama,c2025 2rdacontentaTeks 2rdamediaaTanpa Perantara 2rdacarrieraVolume0 aAndreas KurniawanePengarang 4aPengembangan diri aAT000302/25 aPT000468/25 aSP000559/25 aKC000769/25 aPP000747/25 aTT001564/25 aNM002085/25